Broadcasting Laws : (Record no. 646)

MARC details
000 -LEADER
fixed length control field 00521nam a22001577a 4500
005 - DATE AND TIME OF INPUT
control field 20231115065704.0
008 - DATA ELEMENTS--GENERAL INFORMATION
fixed length control field 231115b |||||||| |||| 00| 0 eng d
041 ## - LANGUAGE CODE
Language code of text English
082 ## - SHELF NUMBER
DDC number 344.5 BRO
100 ## - MAIN AUTHOR
Language of a work English
245 ## - TITLE STATEMENT
Title Broadcasting Laws :
Sub-title Documents on Politics and Society in the Federal Republic of Germany
260 ## - PUBLICATION, DISTRIBUTION, ETC.
Place of publication, distribution, etc. Germany :
Name of publisher, distributor, etc. Inter Nationes, Editorial Department,
Date of publication, distribution, etc. 1989
300 ## - PHYSICAL DESCRIPTION
Other physical details 222 pages ;
Dimensions 22 cm.
650 ## - SUBJECT`
Broad subject Legal practice
Own subject terms Law
942 ## - ADDED ENTRY ELEMENTS (KOHA)
Item type Books
942 ## - ADDED ENTRY ELEMENTS (KOHA)
-- ALISON_BN_VRIES
Holdings
Source of classification or shelving scheme Not for loan Collection code Home library Current library Shelving location Date acquired Full call number Barcode Price effective from Koha item type
Dewey Decimal Classification   TEXT BOOKS LAW SOCIETY OF NAMIBIA LIBRARY - WINDHOEK LAW SOCIETY OF NAMIBIA LIBRARY - WINDHOEK Media Law 11/15/2023 344.5 BRO LSN/1994/6 11/15/2023 Books